00518 2200205 4500001002100000008004100021035002000062245007100082100002300153250000600176260003500182300001100217084001400228082000800242650001400250990001200264990001200276990001200288990001200300INLIS000000000000582 ind  a0010-0424000558 aMengaransemen dan Menyajikan Musik TradisionalcSupriyantiningtyas aSupriyantiningtyas a1 aKlaten :bIntan Pariwarac2013 a44 hlm a700 SUP m a700 aNon Fiksi a0722360 a0722361 a0722362 a0722363